| 000 | 00736nam a22001817a 4500 | ||
|---|---|---|---|
| 003 | UA-OsUOA | ||
| 001 | 9899 | ||
| 007 | ta | ||
| 008 | 20041209b un ||||| |||| 00| 0 ukr d | ||
| 100 | _aНагребецька І. | ||
| 942 | _cSA | ||
| 040 |
_aUA-OsUOA _cUA-OsUOA _dUA-OsUOA |
||
| 245 | _aПортрет одного району в дзеркалі суспільної історії : [ На Хмельничччині започатковано унікальне багатотомне видання під назвою " Місцеве самоврядування Хмельниччини "] | ||
| 300 | _aС.5 | ||
| 955 | _a0 | ||
| 773 | 0 |
_w0 _tУрядовий кур"єр _dКиїв _d2004 _gN233/7 груд./ |
|
| 650 | 7 | _2UDC | |
| 999 |
_c296060 _d296060 |
||